| 000 | 00550nam a2200169 a 4500 | ||
|---|---|---|---|
| 001 | 3352 | ||
| 003 | CDMR | ||
| 005 | 20131118131436.0 | ||
| 008 | 130130s1978||||||||||||||||||||||||||||d | ||
| 040 |
_aCDMR _bcat _cCDMR |
||
| 110 | 2 |
_aAssociació de la Premsa de Barcelona _939 |
|
| 245 | 1 | 0 |
_aRelación de Periodistas Asociados _b: Medios de información |
| 260 |
_aBarcelona _c[1978] _bAsociación de la Prensa de Barcelona |
||
| 650 | 0 | 4 |
_94304 _aPeriodistes _xDirectoris |
| 650 | 0 | 4 |
_93923 _aMitjans de comunicació de massa _vDirectoris |
| 942 |
_cFULLET _2udc |
||
| 999 |
_c3352 _d3352 |
||